| 000 | 00659na a2200253 4500 | ||
|---|---|---|---|
| 001 | 16959 | ||
| 003 | MIRAKIL | ||
| 005 | 20181213154824.0 | ||
| 008 | 161018b tu 000 0 | ||
| 020 | _a9754640009 | ||
| 040 |
_aMilas _btur _cTR-AnCHP |
||
| 041 | _atur | ||
| 082 |
_a342.561 _bÖ91t 2004 |
||
| 090 | _a342.561 Ö91t 2004 | ||
| 100 |
_aÖzbudun, Ergun _d1937- |
||
| 245 |
_aTürk anayasa hukuku _cErgun Özbudun |
||
| 250 | _agözd. gçrl. 8. bs. | ||
| 260 |
_aAnkara _bYetkin _c2004 |
||
| 300 |
_a436 s. _c24 sm. |
||
| 500 | _aDizin var. | ||
| 650 |
_aAnayasa hukuku _zTürkiye |
||
| 651 |
_aTürkiye _xAnayasa _zTarih |
||
| 942 |
_2ddc _cBKS |
||
| 999 |
_c1477 _d1477 |
||